000 00547ntaaa2200205 4500
003 01
005 20251027202923.0
008 0714s1973 ag 01
040 _aAR-BaBN
_bspa
_cAR-BaBN
_eaacr
_dRIC
082 _a922.0000 W15
100 _aWalker, Clarence
_929723
245 _aGualterio ya no vive aquí
250 _a1 ed.
260 _aBuenos Aires :
_bJunta de Publicaciones,
_c1948
300 _a35 p
500 _aDos biografías en uno libro
650 _aWalker-biografía
_929724
700 _aAdams, Chester D
_929725
942 _cBK
999 _c24450
_d24450